Vybrané aspekty účtovnej závierky a možností vyčíslenia prehľadu peňažných tokov
Prehľad peňažných tokov poskytuje pre používateľa informácie z účtovnej závierky o peňažných tokoch za bežné a minulé účtovné obdobie v členení na peňažné toky z prevádzkovej, investičnej a finančnej činnosti. Naša právna úprava v oblasti peňažných tokov je v súlade s medzinárodnými štandardmi pre f...
Enregistré dans:
| Auteur principal: | |
|---|---|
| Autres auteurs: | |
| Format: | Chapitre de livre |
| Langue: | slovaque |
| Sujets: | |
| Tags: |
Pas de tags, Soyez le premier à ajouter un tag!
|
MARC
| LEADER | 00000nla a2200000 4500 | ||
|---|---|---|---|
| 001 | 0195129 | ||
| 005 | 20240417075052.1 | ||
| 041 | 0 | |a slo | |
| 044 | |a SK | ||
| 245 | 1 | 0 | |a Vybrané aspekty účtovnej závierky a možností vyčíslenia prehľadu peňažných tokov |c Peter Stuchlý, Petra Krutáková |
| 520 | |a Prehľad peňažných tokov poskytuje pre používateľa informácie z účtovnej závierky o peňažných tokoch za bežné a minulé účtovné obdobie v členení na peňažné toky z prevádzkovej, investičnej a finančnej činnosti. Naša právna úprava v oblasti peňažných tokov je v súlade s medzinárodnými štandardmi pre finančné vykazovanie (IFRS), a to konkrétne s IAS 7 – Výkaz o peňažných tokoch (Statement of Cash Flows). | ||
| 610 | 2 | 0 | |a závierka účtovná |
| 610 | 2 | 0 | |a obeh peňažný |
| 610 | 2 | 0 | |a úpravy právne |
| 610 | 2 | 0 | |a IFRS |
| 100 | 1 | |a Stuchlý, Peter | |
| 700 | 1 | |a Krutáková, Petra | |